00470nam a2200145 a 450000500170000000800410001702000150005805000250007310000170009824500860011526000450020130000340024652100070028065000370028720140310183651.0061220s19uu xx 00 eng d a1592532225 aNC 1806.9b.F67 2006 aFoster, John aNew masters of poster design :bposter design for the next century /cJohn Foster aU.S.A :bRockport Publishers Inc,c2006. a256 p. :bcol. ill. ;c32 cm. aMA aPostersx21st centuryxCatalogs.